| 000 | 00530nam a2200217Ia 4500 | ||
|---|---|---|---|
| 003 | OSt | ||
| 005 | 20220928141451.0 | ||
| 006 | a|||||r|||| 00| 0 | ||
| 007 | ta | ||
| 008 | 220927b |||||||| |||| 00| 0 eng d | ||
| 024 | _a15324 | ||
| 037 | _cTextual | ||
| 040 |
_aSDCL _cSDCL _beng |
||
| 041 |
_2eng _aeng |
||
| 082 | _aO122,3M40,3, L7 | ||
| 100 |
_aZola Emline _9500438 |
||
| 245 | 0 | _aLa bete humaine. | |
| 260 | _c1977 | ||
| 942 |
_hO122,3M40,3, L7 _cTEXL _2CC |
||
| 999 |
_c817731 _d817731 |
||